Movies Quiz

Random Movies or Box Office Quiz

Years by Highest-Grossing Movies (1990s) Quiz Stats

 Plays Quiz Updated Sep 11, 2019

Score 0/10 Timer 03:00
67 Plays Today
% Correct
1999
73.6%
1994
64.3%
1997
63.4%
1990
62.7%
1998
59.8%
1991
54.1%
1993
53.9%
1996
53.3%
1995
52.4%
1992
51.7%

You're not logged in!

Compare scores with friends on all Sporcle quizzes.
OR
Log In

Show Comments

Extras

Top Quizzes Today


Score Distribution

Your Account Isn't Verified!

In order to create a playlist on Sporcle, you need to verify the email address you used during registration. Go to your Sporcle Settings to finish the process.

Report this User

Report this user for behavior that violates our Community Guidelines.

Details: